Netherlands : 2013 Article IV Consultation.

The Netherlands is an AAA euro area (EA) economy with significant private sector imbalances. The main policy challenge is to restore growth and manage downside risks while allowing for an orderly adjustment of private sector balance sheets. A focus on medium-term objectives will cement policy credib...

Ful tanımlama

Detaylı Bibliyografya
Müşterek Yazar: International Monetary Fund. European Dept
Materyal Türü: Dergi
Dil:English
Baskı/Yayın Bilgisi: Washington, D.C. : International Monetary Fund, 2013.
Seri Bilgileri:IMF Staff Country Reports; Country Report ; No. 2013/115
Online Erişim:Full text available on IMF
LEADER 01639cas a2200241 a 4500
001 AALejournalIMF013539
008 230101c9999 xx r poo 0 0eng d
020 |c 5.00 USD 
020 |z 9781484343814 
022 |a 1934-7685 
040 |a BD-DhAAL  |c BD-DhAAL 
110 2 |a International Monetary Fund.  |b European Dept. 
245 1 0 |a Netherlands :   |b 2013 Article IV Consultation. 
264 1 |a Washington, D.C. :  |b International Monetary Fund,  |c 2013. 
300 |a 1 online resource (51 pages) 
490 1 |a IMF Staff Country Reports 
500 |a <strong>Off-Campus Access:</strong> No User ID or Password Required 
500 |a <strong>On-Campus Access:</strong> No User ID or Password Required 
506 |a Electronic access restricted to authorized BRAC University faculty, staff and students 
520 3 |a The Netherlands is an AAA euro area (EA) economy with significant private sector imbalances. The main policy challenge is to restore growth and manage downside risks while allowing for an orderly adjustment of private sector balance sheets. A focus on medium-term objectives will cement policy credibility and mitigate uncertainty. The financial system must reduce its dependence on wholesale financing, and banks reliant on public sector support need to wind down this support. Reforms in the labor markets and human capital will be important in safeguarding the economy's growth potential. 
538 |a Mode of access: Internet 
830 0 |a IMF Staff Country Reports; Country Report ;  |v No. 2013/115 
856 4 0 |z Full text available on IMF  |u http://elibrary.imf.org/view/journals/002/2013/115/002.2013.issue-115-en.xml  |z IMF e-Library